000 01937nam0a2200409 4500
001 RU\NLR\BIBL_A\012641531
005 20211221150401.0
010 _a978-5-389-19568-4
021 _aRU
_bКН-П-24-019701
_9КН-П-24-2062
021 _aRU
_bКН-П-21-045871
_9КН-П-21-3616
035 _a(NLR Aleph) 012641531
090 _a12697318
_c12697318
100 _a20211112d2021 c y0rusy50 ca
101 1 _arus
_cger
102 _aRU
105 _aa z 000ay
181 0 _ai3
_baxxe
181 0 _ab2
_bxb2e
182 0 _an
200 1 _aВесёлые сказки Волшебного леса
_e[для младшего школьного возраста]
_fавтор и художник: Валько
_gперевод с немецкого Наталии Нуровой
203 _aТекст
_aИзображение
_bвизуальные
_cнепосредственные
210 _aМосква [и др.]
_cМахаон [и др.]
_d2021
215 _a145, [7] с.
_cцв. ил.
_d30
225 1 _aБольшая книга
300 _aКн. ранее выходила под назв. "Новые сказки Волшебного леса"
327 1 _aСодерж.: Тайна древнего рудника; Сюрприз на день рождения; Новогодний переполох
333 _a0+
451 0 _12001#$aНовые сказки Волшебного леса
_tНовые сказки Волшебного леса
686 0 _aШ9(4Г)60-4
700 0 _7ca
_8rus
_aВалько
_cдет. писатель, художник
_f1954-
_990356
_3RU\NLR\AUTH\77107431
702 0 _4040
_7ca
_8rus
_aВалько
_cдет. писатель, художник
_f1954-
_990356
_3RU\NLR\AUTH\77107431
942 _cBOOK
980 _aNB